| 000 | 00412nam a22001697a 4500 | ||
|---|---|---|---|
| 001 | 15244854 | ||
| 008 | 120130t xxu||||| |||| 00| 0 ||| d | ||
| 020 | _a9627137073 | ||
| 050 | _aBR115.P7 | ||
| 100 | _a江大惠. | ||
| 110 |
_a崇基學院. _b神學組. |
||
| 245 | _a基督徒與政治 | ||
| 300 | _a166 P | ||
| 500 | _a165頁 ; | ||
| 785 | 1 |
_a崇基學院神學組吐露叢書 ; _g3. |
|
| 942 |
_2lcc _cBK |
||
| 999 |
_c39255 _d39255 |
||